[Event "Bremen Silvester op"]
[Site "Bremen"]
[Date "2019.12.30"]
[Round "7"]
[White "Villwock, Martin"]
[Black "Herlan, Klaus Juergen"]
[Result "1-0"]
[WhiteElo "2108"]
[BlackElo "2008"]
[PlyCount "75"]
[EventDate "2019.12.27"]
[EventType "swiss"]
[EventRounds "7"]
[EventCountry "GER"]
[SourceTitle "CBM 194 Extra"]
[Source "ChessBase"]
[SourceDate "2020.03.31"]
[SourceVersion "1"]
[SourceVersionDate "2020.03.31"]
[SourceQuality "1"]

1. e4 c5 2. Nf3 e6 3. d3 Nc6 4. g3 Be7 5. Bg2 d5 6. Qe2 a6 7. 0-0 h5 8. h4 Nf6 9. c3 b5 10. e5 Ng4 11. Bf4 Rb8 12. Nbd2 a5 13. a3 Ba6 14. b4 cxb4 15. axb4 a4 16. d4 Rb6 17. Rfc1 Nb8 18. Bf1 Nd7 19. Qd1 Nf8 20. Bd3 Nd7 21. Qe2 Qb8 22. Nh2 Nxh2 23. Kxh2 Qd8 24. Nf3 g6 25. Kg2 Qc8 26. Rc2 Qc6 27. Bg5 Bf8 28. Ng1 Rb7 29. Nh3 Bg7 30. Nf4 Nb6 31. Rh1 Nc4 32. g4 hxg4 33. Qxg4 Kd7 34. h5 gxh5 35. Rxh5 Rxh5 36. Qxh5 Kc8 37. Qh7 Bxe5 38. Qg8+ 1-0

[Event "Bremen Silvester op"]
[Site "Bremen"]
[Date "2019.12.28"]
[Round "4"]
[White "Herlan, Klaus Juergen"]
[Black "Klemm, Robert"]
[Result "1-0"]
[WhiteElo "2008"]
[BlackElo "1802"]
[PlyCount "99"]
[EventDate "2019.12.27"]
[EventType "swiss"]
[EventRounds "7"]
[EventCountry "GER"]
[SourceTitle "CBM 194 Extra"]
[Source "ChessBase"]
[SourceDate "2020.03.31"]
[SourceVersion "1"]
[SourceVersionDate "2020.03.31"]
[SourceQuality "1"]

1. d4 Nf6 2. Nc3 d6 3. e4 c6 4. Be3 Nbd7 5. Nf3 Qc7 6. Be2 e5 7. 0-0 Be7 8. h3 0-0 9. Nh2 b5 10. a3 Rb8 11. Ng4 a5 12. Nxf6+ Nxf6 13. Bf3 b4 14. axb4 axb4 15. Ne2 Be6 16. Ng3 g6 17. Qd2 Bc4 18. Rfe1 Rfd8 19. b3 Be6 20. d5 cxd5 21. exd5 Bf5 22. Nxf5 gxf5 23. Bh6 Nd7 24. Kh2 Rdc8 25. Bd1 Nc5 26. f3 f4 27. g3 fxg3+ 28. Kxg3 f5 29. Kh2 Kf7 30. f4 Bh4 31. Bh5+ Kf6 32. Re2 Rg8 33. Rf1 e4 34. Qd4+ Ke7 35. Rg1 Bf6 36. Qd1 Nd7 37. Reg2 Rxg2+ 38. Rxg2 Ra8 39. Bg7 Qc3 40. Qg1 Ra2 41. Bxf6+ Kxf6 42. Bd1 Ra1 43. Qf2 Nf8 44. Qh4+ Kf7 45. Bh5+ Ng6 46. Qd8 Qf6 47. Qd7+ Kf8 48. Qc8+ Kf7 49. Qb7+ Ke8 50. Qxh7 1-0

[Event "Hamburg-ch MB"]
[Site "Hamburg"]
[Date "2018.05.27"]
[Round "9"]
[White "Schmuck, Martin"]
[Black "Herlan, Klaus Juergen"]
[Result "0-1"]
[WhiteElo "1881"]
[BlackElo "1966"]
[PlyCount "40"]
[EventDate "2018.05.19"]
[EventType "swiss"]
[EventRounds "9"]
[EventCountry "GER"]
[SourceTitle "EXT 2020"]
[Source "ChessBase"]
[SourceDate "2019.10.17"]
[SourceVersion "1"]
[SourceVersionDate "2019.10.17"]
[SourceQuality "1"]

1. e4 c5 2. f4 d5 3. e5 a6 4. Nf3 Nc6 5. c3 Nh6 6. Bd3 f6 7. 0-0 e6 8. Qe2 f5 9. Bc2 Be7 10. d4 cxd4 11. cxd4 0-0 12. Bd2 Bd7 13. Nc3 b5 14. a3 Qb6 15. Be3 Ng4 16. b4 Nxe3 17. Qxe3 a5 18. bxa5 Nxa5 19. Nd2 Rfc8 20. Rfb1 Qc7 0-1

[Event "Oberliga Nord N 1718"]
[Site "Germany"]
[Date "2018.02.04"]
[Round "6.7"]
[White "Herlan, Klaus Juergen"]
[Black "Pajeken, Jakob Leon"]
[Result "1/2-1/2"]
[WhiteElo "1954"]
[BlackElo "2152"]
[PlyCount "106"]
[EventDate "2017.10.08"]
[EventType "team-tourn"]
[EventRounds "9"]
[EventCountry "GER"]
[SourceTitle "EXT 2019"]
[Source "ChessBase"]
[SourceDate "2018.10.10"]
[SourceVersion "1"]
[SourceVersionDate "2018.10.10"]
[SourceQuality "1"]
[WhiteTeam "Marmstorf"]
[BlackTeam "Hamburger SK III"]
[WhiteTeamCountry "GER"]
[BlackTeamCountry "GER"]

1. d4 d5 2. Nf3 Bf5 3. c4 e6 4. Nc3 Nc6 5. a3 Nf6 6. Bg5 Be7 7. e3 0-0 8. Rc1 a6 9. b4 h6 10. Bh4 Re8 11. Qb3 Bg4 12. Be2 dxc4 13. Qxc4 a5 14. b5 Na7 15. a4 Nc8 16. 0-0 Nb6 17. Qa2 Nfd5 18. Bg3 Bd6 19. Ne5 Nxc3 20. Rxc3 Bxe2 21. Qxe2 Nxa4 22. Rc2 Qe7 23. Qf3 Ra7 24. Rfc1 Nb6 25. Bh4 Qf8 26. Nd3 Rea8 27. Nc5 Nd5 28. e4 Nb4 29. Rc4 Bxc5 30. Rxc5 c6 31. g4 b6 32. Re5 cxb5 33. Rxb5 Rb7 34. g5 Qe8 35. Rxb4 hxg5 36. Rbc4 gxh4 37. e5 Rab8 38. Qh5 b5 39. R4c3 Qd8 40. Rh3 g6 41. Qg4 Rd7 42. Rxh4 Rxd4 43. Qxd4 Qg5+ 44. Qg4 Qxc1+ 45. Kg2 Qc6+ 46. f3 Qc2+ 47. Kg3 Qc3 48. Qf4 Qe1+ 49. Kh3 Qb1 50. Qh6 Qf1+ 51. Kg3 Qg1+ 52. Kh3 Qf1+ 53. Kg3 Qg1+ 1/2-1/2

[Event "Blankenese op 1st"]
[Site "Hamburg"]
[Date "2017.10.03"]
[Round "7.26"]
[White "Herlan, Klaus Juergen"]
[Black "Schulz, Hans Juergen"]
[Result "1/2-1/2"]
[WhiteElo "1948"]
[BlackElo "1840"]
[PlyCount "85"]
[EventDate "2017.09.30"]
[EventType "swiss"]
[EventRounds "7"]
[EventCountry "GER"]
[SourceTitle "EXT 2020"]
[Source "ChessBase"]
[SourceDate "2019.10.17"]
[SourceVersion "1"]
[SourceVersionDate "2019.10.17"]
[SourceQuality "1"]

1. d4 d5 2. Nf3 c5 3. c4 e6 4. cxd5 exd5 5. Nc3 Nc6 6. e3 Nf6 7. Be2 Bd6 8. 0-0 0-0 9. dxc5 Bxc5 10. a3 Be6 11. b4 Bd6 12. Nb5 Bb8 13. Bb2 a6 14. Nbd4 Ne7 15. Nxe6 fxe6 16. g3 Nc6 17. Rc1 Bd6 18. Nd4 Qd7 19. Nxc6 bxc6 20. Bxf6 Rxf6 21. Qc2 Rc8 22. Bxa6 Rc7 23. Qd3 Rf8 24. b5 cxb5 25. Bxb5 Qf7 26. Rxc7 Bxc7 27. a4 Bb6 28. Qd2 Qa7 29. Rc1 g6 30. Rc6 Kf7 31. Rd6 Qa5 32. Qd1 Bc5 33. Rd7+ Kg8 34. Qa1 d4 35. exd4 Qd2 36. f4 Qe3+ 37. Kg2 Qe4+ 38. Kf2 Rxf4+ 39. gxf4 Qxf4+ 40. Ke2 Qe4+ 41. Kf2 Qf4+ 42. Ke2 Qe4+ 43. Kf2 1/2-1/2

[Event "Blankenese op 1st"]
[Site "Hamburg"]
[Date "2017.10.02"]
[Round "6.26"]
[White "Von Rosen, Jakob"]
[Black "Herlan, Klaus Juergen"]
[Result "1/2-1/2"]
[WhiteElo "1659"]
[BlackElo "1948"]
[PlyCount "38"]
[EventDate "2017.09.30"]
[EventType "swiss"]
[EventRounds "7"]
[EventCountry "GER"]
[SourceTitle "EXT 2020"]
[Source "ChessBase"]
[SourceDate "2019.10.17"]
[SourceVersion "1"]
[SourceVersionDate "2019.10.17"]
[SourceQuality "1"]

1. c4 c5 2. g3 g6 3. Bg2 Bg7 4. Nf3 Nf6 5. 0-0 0-0 6. Nc3 Nc6 7. d4 cxd4 8. Nxd4 Nxd4 9. Qxd4 d6 10. Rd1 Qa5 11. Qd3 Bf5 12. e4 Be6 13. Nd5 Bxd5 14. cxd5 Rac8 15. Bd2 Qb6 16. Bc3 Ng4 17. Rd2 Bxc3 18. bxc3 Rc7 19. Rb1 Qc5 1/2-1/2

[Event "Zirndorf Cup"]
[Site "Zirndorf"]
[Date "2017.08.31"]
[Round "3"]
[White "Herlan, Klaus Juergen"]
[Black "Madsen, Michael Ole"]
[Result "0-1"]
[WhiteElo "1968"]
[BlackElo "2028"]
[PlyCount "64"]
[EventDate "2017.08.30"]
[EventType "swiss"]
[EventRounds "7"]
[EventCountry "GER"]
[SourceTitle "CBM 180 Extra"]
[Source "ChessBase"]
[SourceDate "2017.10.06"]
[SourceVersion "1"]
[SourceVersionDate "2017.10.06"]
[SourceQuality "1"]

1. d4 d5 2. Nf3 Nf6 3. e3 Bf5 4. c4 c6 5. Nc3 e6 6. Ne5 Nbd7 7. g4 Nxe5 8. gxf5 Nxc4 9. fxe6 fxe6 10. Bxc4 dxc4 11. Rg1 Qc7 12. f4 Rd8 13. Bd2 Bb4 14. Qf3 0-0 15. a3 Ba5 16. Rg5 b5 17. Ke2 Rd7 18. Rc5 Bxc3 19. Rxc6 Bxb2 20. Rxc7 Rxc7 21. Rb1 c3 22. Bc1 Bxc1 23. Rxc1 a5 24. Kd3 Nd5 25. Qd1 b4 26. Qa4 Rb8 27. e4 Nxf4+ 28. Ke3 b3 29. Qxa5 b2 30. Rg1 Rbc8 31. Qb4 Nh3 32. Qb3 Nxg1 0-1

[Event "Zirndorf Cup"]
[Site "Zirndorf"]
[Date "2017.08.30"]
[Round "1"]
[White "Herlan, Klaus Juergen"]
[Black "Kleist, Werner"]
[Result "1-0"]
[WhiteElo "1968"]
[BlackElo "1763"]
[PlyCount "55"]
[EventDate "2017.08.30"]
[EventType "swiss"]
[EventRounds "7"]
[EventCountry "GER"]
[SourceTitle "CBM 180 Extra"]
[Source "ChessBase"]
[SourceDate "2017.10.06"]
[SourceVersion "1"]
[SourceVersionDate "2017.10.06"]
[SourceQuality "1"]

1. d4 Nf6 2. Nc3 c6 3. e4 d5 4. e5 Ng8 5. Bd3 e6 6. Nf3 Be7 7. 0-0 a6 8. Ne2 h6 9. Ng3 g6 10. Be3 Nd7 11. c4 b6 12. Qc2 Nf8 13. Rab1 a5 14. a3 Bd7 15. b4 a4 16. b5 Bxa3 17. Ra1 Be7 18. Rxa4 c5 19. dxc5 bxc5 20. Rfa1 Rxa4 21. Rxa4 Qc7 22. Ra8+ Bc8 23. Qa2 Kd7 24. cxd5 exd5 25. Qxd5+ Ke8 26. b6 Qd7 27. Bb5 Qxb5 28. Rxc8+ 1-0

[Event "Pyramiden Franken Cup"]
[Site "Fuerth"]
[Date "2016.09.02"]
[Round "3"]
[White "Herlan, Klaus Juergen"]
[Black "Walter, Thomas"]
[Result "0-1"]
[WhiteElo "1977"]
[BlackElo "2177"]
[PlyCount "90"]
[EventDate "2016.09.01"]
[EventType "swiss"]
[EventRounds "7"]
[EventCountry "GER"]
[SourceTitle "CBM 174 Extra"]
[Source "ChessBase"]
[SourceDate "2016.10.10"]
[SourceVersion "1"]
[SourceVersionDate "2016.10.10"]
[SourceQuality "1"]

1. d4 Nf6 2. Nc3 d5 3. Bg5 Nbd7 4. Qd3 e6 5. e4 dxe4 6. Nxe4 Be7 7. Nxf6+ Nxf6 8. Nf3 0-0 9. Bxf6 Bxf6 10. 0-0-0 Qe7 11. Qe4 c5 12. Bd3 g6 13. g4 cxd4 14. h4 Bd7 15. g5 Bg7 16. Ne5 Bc6 17. Nxc6 bxc6 18. Rdg1 Rfb8 19. h5 Bf8 20. hxg6 hxg6 21. Qh4 Bg7 22. Rg3 Qb4 23. b3 Kf8 24. Bxg6 fxg6 25. Rf3+ Ke8 26. Qe4 Rb7 27. Qxg6+ Kd8 28. Qe4 Qe7 29. g6 Qg5+ 30. Kb1 Rd7 31. Rh7 d3 32. cxd3 Qg1+ 33. Kc2 Qa1 34. a4 Rb8 35. Qh4+ Kc8 36. Qc4 Rbb7 37. Kd2 Rbc7 38. Qb4 Qb2+ 39. Ke3 Qe5+ 40. Kd2 Qb2+ 41. Kd1 Rd8 42. Qc4 Kb8 43. a5 Bc3 44. Qf4 Qb1+ 45. Qc1 Rxd3+ 0-1

[Event "Mittelfranken-chTB2a 1213"]
[Site "Germany"]
[Date "2013.03.10"]
[Round "8.2"]
[White "Herlan, Klaus Juergen"]
[Black "Mueller, Norbert3"]
[Result "1/2-1/2"]
[WhiteElo "1971"]
[BlackElo "1950"]
[PlyCount "45"]
[EventDate "2012.10.07"]
[EventType "team-tourn"]
[EventRounds "9"]
[EventCountry "GER"]
[SourceTitle "EXT 2019"]
[Source "ChessBase"]
[SourceDate "2018.10.10"]
[SourceVersion "1"]
[SourceVersionDate "2018.10.10"]
[SourceQuality "1"]
[WhiteTeam "Nuernberg NT V"]
[BlackTeam "Bad Windsheim"]
[WhiteTeamCountry "GER"]
[BlackTeamCountry "GER"]

1. d4 f5 2. g3 Nf6 3. Bg2 e6 4. c4 Be7 5. Nc3 d5 6. Nf3 c6 7. b3 0-0 8. 0-0 a5 9. Qc2 Bd7 10. Bb2 Na6 11. a3 Qe8 12. Ne5 Rd8 13. Rad1 Bc8 14. c5 Nd7 15. Nd3 g5 16. e3 Qg6 17. Qd2 h5 18. Na4 Rf7 19. Nb6 Rh7 20. Nxd7 Bxd7 21. Bh1 Bf6 22. Qxa5 Rf8 23. Qd2 1/2-1/2